|
|
|
|
| LEADER |
01886nam a2200265 a 4500 |
| 001 |
GR-MES5612 |
| 008 |
991111u1996 gr m 0 gre d |
| 040 |
|
|
|a GrPaTEI
|b gre
|c GR-PaULI
|
| 040 |
|
|
|a GrPaTEI
|b gre
|c GR-PaULI
|
| 082 |
|
0 |
|a 639.8
|2 21
|
| 110 |
|
|
|a b
|
| 110 |
2 |
|
|a Ιχθυοκαλλιεργητικό Κέντρο Αχελώου Α.Ε.
|
| 245 |
1 |
0 |
|a Διαχείρηση της παράκτιας ζώνης με υδατοκαλλιέργειες :
|b Η περίπτωση των λιμνοθαλασσών /
|c Ιχθυοκαλλιεργητικό Κέντρο Αχελώου.
|
| 260 |
|
|
|a Μεσολόγγι :
|b [χ.ο.],
|c [1996]
|
| 300 |
|
|
|a 80σ. :
|b εικ., πιν. ;
|c 24εκ.
|
| 650 |
|
4 |
|a Ιχθυοκαλλιέργεια
|
| 650 |
|
4 |
|a ΛΙΜΝΟΘΑΛΑΣΣΑ
|
| 942 |
|
|
|2 ddc
|
| 952 |
|
|
|0 0
|1 0
|2 ddc
|4 0
|6 639_800000000000000_ΙΧΘ
|7 0
|9 276085
|a MSLG
|b MSLG
|c SER
|d 2021-01-17
|e 24
|f 0
|g 0.00
|l 0
|o 639.8 ΙΧΘ
|p 2420000018830
|r 2021-01-17 00:00:00
|t 1
|w 2021-01-17
|y BK15
|x 20080130 0 1
|x GrPaTEI
|
| 952 |
|
|
|0 0
|1 0
|2 ddc
|4 0
|6 639_800000000000000_ΙΧΘ
|7 0
|9 276086
|a MSLG
|b MSLG
|c SER
|d 2021-01-17
|e 24
|f 0
|g 0.00
|l 0
|o 639.8 ΙΧΘ
|p 2420000018831
|r 2021-01-17 00:00:00
|t 1
|w 2021-01-17
|y BK15
|x 20080130 0 1
|x GrPaTEI
|
| 952 |
|
|
|0 0
|1 0
|2 ddc
|4 0
|6 639_800000000000000_ΙΧΘ
|7 0
|9 276087
|a MSLG
|b MSLG
|c SER
|d 2021-01-17
|e 24
|f 0
|g 0.00
|l 0
|o 639.8 ΙΧΘ
|p 2420000018832
|r 2021-01-17 00:00:00
|t 1
|w 2021-01-17
|y BK15
|x 20080130 0 1
|x GrPaTEI
|
| 952 |
|
|
|0 0
|1 0
|2 ddc
|4 0
|6 639_800000000000000_ΙΧΘ
|7 0
|9 276088
|a MSLG
|b MSLG
|c SER
|d 2021-01-17
|e 24
|f 0
|g 0.00
|l 0
|o 639.8 ΙΧΘ
|p 2420000022971
|r 2021-01-17 00:00:00
|t 1
|w 2021-01-17
|y BK15
|x 20080226 0 1
|x GrPaTEI
|
| 952 |
|
|
|0 0
|1 0
|2 ddc
|4 0
|6 639_800000000000000_ΙΧΘ
|7 0
|9 276089
|a MSLG
|b MSLG
|c SER
|d 2021-01-17
|e 24
|f 1
|g 0.00
|l 0
|o 639.8 ΙΧΘ
|p 2420000022972
|r 2024-06-11 00:00:00
|t 1
|w 2021-01-17
|y BK15
|x 20080227 0 1
|x GrPaTEI
|
| 971 |
|
|
|a .b25840794
|b 15-04-20
|c 14-09-16
|
| 999 |
|
|
|c 160096
|d 160096
|